Hidden Country Capitals - Statistics

General Stats
  • This quiz has been taken 12 times
  • The average score is 7 of 20
Answer Stats
Hint Answer % Correct
We brought our sick sister to the ER and the doctor said "Thank you! Wait, sit, eat something, and I'll have her out in no time. Kuwait City
78%
They asked if we wanted handbag; Dad said no thank you. Baghdad
67%
Right down the road from the mosque, our family built a new house. Moscow
67%
Dr. Oz located the issue and worked hard to fix the problem. Oslo
56%
The wood-chime company's ship sailed into the bay, jingling it's bells as it arrived. Beijing
44%
Do not keep animosity between your friends if you can help it! Panama City
44%
With all the bad days I've had, I could use a little victory about now! Victoria
44%
There is something so emotional about that Civil War song he wrote. Warsaw
44%
Each of the actors gets cast on a strictly talent based process. Astana
33%
Make sure you tell Liz "Bonjour!" when she arrives to visit France! Lisbon
33%
Can you guess what the mystery tune is? Tunis
33%
It is not easy to dock a big boat on the rocky, cold beaches of northern Maine Dhaka
22%
When you tent camp, all amenities of a normal house are nonexistant! Kampala
22%
Bob bought a washer and dryer at the local appliance store. Ottawa
22%
In a small boat, you can still row many miles! Rome
22%
Not even a tough man can bear a loss of a loved one. Canberra
11%
C'mon, a coat is not going to be necessary for a trip to California you silly goose! Monaco
11%
Isn't every elephant a nude elephant because they don't have clothes anyway? New Delhi
11%
The results included a nay vote from Sarah, yea vote from Sam, and nay vote from Frank. Sarajevo
11%
Can you tie paper clips together to make a piece of artwork? Taipei
11%
No matching quizzes found
Score Distribution
Percent of People with Each Score
Percentile by Number Answered
Your Score History
You have not taken this quiz